000 01337cab a2200241 4500
001 ABS44546
008 090401t1991 xxu||||| |||| 00| 0 eng d
035 _a(Sirsi) u47746
041 _aeng
100 _aPearlman, K.
245 _aPeaceable re-entry and tenant`s right to relief
260 _c1991
350 _a0
490 _aEstates Gazette
_v9118 11 May 1991, 108-112(2)
520 _aA Court of Appeal decision has stated again the law relating to commercial tenants` rights in the event of a landlord re-entering rented premises. Billson v Residential Apartments Ltd (1991) 18 EG 169 makes clear the tenant has no right to relief against forfeiture if the landlord has re-entered having served a valid notice of breach of covenant (other than non-payment of rent). Likewise any mortgagee involved has no right to relief either and will lose his security. The landlord on the other hand, is better off re-entering and forfeiting his lease rather than seeking a repossession order; he just has to ensure no one opposes him when re-entering, and avoid violence.
650 _aCOMMERCIAL LEASES
650 _aPEACEABLE RE-ENTRY
650 _aREPOSSESSION
650 _aBILLSON AND OTHERS V RESIDENTIAL APARTMENTS LTD
690 _aLANDLORD AND TENANT-BUSINESS tENANCIES-CASE LAW
942 _n0
948 _c04/03/1997
999 _c30082
_d30082